| 000 | 00571nam a22001577a 4500 | ||
|---|---|---|---|
| 082 | _a621 | ||
| 100 | _aBatool, Sadaf | ||
| 245 |
_aA Comparative Study of Micro-Plasma Arc Welding and TIG Welding of Thin Stainless Steel (304L) Sheet _cSadaf Batool |
||
| 260 |
_aIslamabad : _bSMME - NUST, _c2014. |
||
| 300 |
_a61 p. ; _c30cm. |
||
| 650 |
_aMechanical Engineering-MS-Thesis _916090 |
||
| 700 |
_aDr. Mushtaq Khan _916155 |
||
| 856 | _uhttp://10.250.8.41:8080/xmlui/handle/123456789/12730 | ||
| 942 |
_2ddc _cTHE |
||
| 999 |
_c541194 _d541194 |
||